Metafísica del bolchevismo (Registro nro. 86910)

Detalles MARC
000 -LEADER
campo de control de longitud fija 00669nam a2200169 i 4500
001 - NÚMERO DE CONTROL
campo de control 86910
003 - IDENTIFICADOR DE NÚMERO DE CONTROL
campo de control ES-MaACL
005 - FECHA Y HORA DE LA ÚLTIMA TRANSACCIÓN
campo de control 20230906175541.0
007 - CAMPO FIJO DE DESCRIPCIÓN FÍSICA--INFORMACIÓN GENERAL
campo de control de longitud fija t|
008 - DATOS DE LONGITUD FIJA--INFORMACIÓN GENERAL
campo de control de longitud fija 041216s1946 sp ||||1| spa d
100 1# - ENTRADA PRINCIPAL--NOMBRE DE PERSONA
Nombre de persona Kologriwof, Ivan de.
9 (RLIN) 68529
245 10 - MENCIÓN DEL TÍTULO
Título Metafísica del bolchevismo
Resto del título : = die metaphysik des bolchewismus : tres conferencias sobre sus fuentes espirituales : su historia : su naturaleza /
Mención de responsabilidad, etc. Ivan de Kologriwof ; [traducción del alemán por Francisco Payarols].
260 ## - PUBLICACIÓN, DISTRIBUCIÓN, ETC.
Lugar de publicación, distribución, etc. Madrid :
Nombre del editor, distribuidor, etc. Publicaciones Españolas,
Fecha de publicación, distribución, etc. 1946 (
Fabricante S. Benzal)
300 ## - DESCRIPCIÓN FÍSICA
Extensión 104 p. ;
Dimensiones 19 cm.
700 1# - ENTRADA AGREGADA--NOMBRE PERSONAL
Nombre de persona Payarols, Francisco.
9 (RLIN) 89715
852 ## - LOCALIZACIÓN
Ubicación ES-MaACL
Número de control de estantería B-10645
Sublocalización o colección R.22639
Existencias
Estatus retirado Estado de pérdida Estado de daño No para préstamo Biblioteca de origen Biblioteca actual Ubicación en estantería Fecha de adquisición Fuente de adquisición Total de préstamos Signatura topográfica completa Código de barras Visto por última vez Precio de reemplazo Tipo de ítem Koha
        Biblioteca del Ateneo de Madrid Biblioteca del Ateneo de Madrid Sala Pardo Bazán 17/01/2008     B-10645 1090807 23/02/2023 23/02/2023 Libro impreso